Rubber pamphlets,
Saved in:
| Corporate Author: | |
|---|---|
| Other Authors: | , , , , , |
| Format: | Book |
| Language: | English |
| Published: |
1885-1954.
|
| Series: | Harvard social history/business preservation microfilm project.
30911. |
| Subjects: | |
| Tags: |
Add Tag
No Tags, Be the first to tag this record!
|
| LEADER | 01900nam a22003017a 4500 | ||
|---|---|---|---|
| 001 | 006803473-3 | ||
| 005 | 20020606163548.3 | ||
| 008 | 960409m18851954xx a 000|0 eng d | ||
| 035 | 0 | |a ocm82860581 | |
| 035 | 0 | |a ocn229894060 | |
| 245 | 0 | 0 | |a Rubber pamphlets, |f 1885-1954 |
| 260 | |c 1885-1954. | ||
| 300 | |a 1 v. : |b ill. ; |c 25 cm. | ||
| 505 | 0 | |a [no. 1-9] The cultivation of rubber as an investment / by the editor of the India-rubber journal (1906) -- Reise nach einer Kautschuk-Plantage in Columbien / von Carl Otto Weber (Sonder-abdruck aus der "Gummi-Zeitung") (1902) -- Der Junge Mann : der Kautschuk-Branche und seine Ausbildung, mit einem anhang der Reisende in Gummiwaren und Techn. Bedarfs-Artikeln (1899) -- The future of rubber : whither or how? / by C.F. Dawn (1934) -- Ist in Deutschland eine Production von Kautschuk möglich, gestützt auf den Anbau einheimischer Culturpflanzen? : eine Frage an Landwirthe, Industrielle, Techniker und Chemiker / von Georg Kassner (1885) -- America should produce its own rubber / by Harvey S. Firestone (c1923) -- America and rubber restriction / by David M. Figart (1926) -- Deutschlands Rohkautschukversorgung : ein Beitrag zur Lösung des Beschaffungsproblems für Rohstoffe / vorgelegt von Leopold Maus (Thesis (doctoral)--Hansischen Universität zu Hamburg, 1935) (1935) -- Rubber / Pan American Union (1954). | |
| 650 | 0 | |a Rubber. | |
| 650 | 0 | |a Rubber plants. | |
| 650 | 0 | |a Rubber industry and trade. | |
| 730 | 0 | |a India-rubber journal. | |
| 700 | 1 | |a Weber, Carl Otto, |d 1860-1905. | |
| 700 | 1 | |a Dawn, C. F. | |
| 700 | 1 | |a Kassner, Georg. | |
| 700 | 1 | |a Firestone, Harvey Samuel, |d 1868-1938. | |
| 700 | 1 | |a Figart, David Milton, |d 1888- | |
| 700 | 1 | |a Maus, Leopold, |d 1897- | |
| 710 | 2 | |a Pan American Union. | |
| 830 | 0 | |a Harvard social history/business preservation microfilm project. |n Project 3 ; |v 30911. |5 mmf | |
| 988 | |a 20020608 | ||
| 906 | |0 MH | ||


